000 00658cab a2200229 4500
001 WB3508-27
008 090401t1999 xxu||||| |||| 00| 0 eng d
035 _a(Sirsi) u91531
041 _aeng
245 _aOnline agents make search for new home easier
260 _c1999
350 _a0
490 _aSunday Times
_v21 February 1999, M13(1)
520 _aA round-up of internet sites for advertising residential property
650 _aESTATE AGENTS
650 _aINTERNET
650 _aMARKETING
650 _aRESIDENTIAL PROPERTY
_96266
690 _aMANAGEMENT-BUSINESS MANAGEMENT-INFORMATION MANAGEMENT
942 _n0
948 _c23/02/1999
999 _c58108
_d58108